[Event "SVK-ch U12"]
[Site "Tatralandia"]
[Date "2025.05.18"]
[Round "9"]
[White "Ostrozlik, Filip"]
[Black "Stachovic, Matus"]
[Result "1/2-1/2"]
[WhiteElo "1573"]
[BlackElo "1550"]
[PlyCount "165"]
[EventDate "2025.05.11"]
[EventType "swiss"]
[EventRounds "9"]
[EventCountry "SVK"]
[SourceTitle "CB21_2025"]
[SourceDate "2025.05.21"]
[SourceVersion "1"]
[SourceVersionDate "2025.05.21"]
[SourceQuality "1"]

1. e4 c5 2. Nf3 Nc6 3. Bb5 g6 4. 0-0 Bg7 5. c3 d5 6. exd5 Qxd5 7. Ba4 Qd8 8. d4 cxd4 9. cxd4 Nf6 10. Be3 0-0 11. Qc2 Qc7 12. Rd1 Bf5 13. Qc4 e6 14. Ne5 Rac8 15. Bb5 Nxe5 16. Qxc7 Rxc7 17. dxe5 Nd5 18. Bd4 a6 19. Bf1 Rfc8 20. Nc3 Nb4 21. Rd2 Nc2 22. Rad1 Nxd4 23. Rxd4 Bxe5 24. Rb4 b5 25. f3 g5 26. Ne2 Rc2 27. a4 Rxb2 28. Rxb2 Bxb2 29. axb5 axb5 30. Ng3 b4 31. Nxf5 exf5 32. Rb1 Bc3 33. Kf2 f4 34. g3 Rd8 35. Be2 Rd2 36. gxf4 gxf4 37. h4 Rb2 38. Rc1 Kg7 39. Kf1 Ra2 40. Kf2 Bd4+ 41. Ke1 Ra1 42. Rxa1 Bxa1 43. Bd3 Bc3+ 44. Kf2 Kh6 45. Kg2 Be1 46. Kh3 Kh5 47. Bxh7 Bxh4 48. Bc2 Be1 49. Bb3 f6 50. Bf7+ Kg5 51. Bb3 Bc3 52. Be6 Kg6 53. Kg4 Be5 54. Bf5+ Kg7 55. Bb1 b3 56. Kf5 b2 57. Kg4 Kf8 58. Kf5 Ke7 59. Ke4 Kd6 60. Kd3 Kc5 61. Kc2 Kb4 62. Ba2 Ka3 63. Bb1 Kb4 64. Ba2 Kc5 65. Kd3 Kb4 66. Kc2 Ka3 67. Bb1 Bd4 68. Kd3 Be5 69. Kc2 Kb4 70. Ba2 Kc5 71. Kd3 Kd6 72. Ke4 Ke7 73. Kf5 Kf8 74. Kg6 Bd4 75. Bb1 Ke7 76. Kf5 Be5 77. Ba2 Kd7 78. Ke4 Kc6 79. Kd3 Kb5 80. Kc2 Kb4 81. Kb1 Kc3 82. Bb3 Kd2 83. Bd5 1/2-1/2

[Event "SVK-ch U12"]
[Site "Tatralandia"]
[Date "2025.05.15"]
[Round "6"]
[White "Stachovic, Matus"]
[Black "Lazur, Richard"]
[Result "1-0"]
[WhiteElo "1550"]
[BlackElo "1494"]
[PlyCount "107"]
[EventDate "2025.05.11"]
[EventType "swiss"]
[EventRounds "9"]
[EventCountry "SVK"]
[SourceTitle "CB21_2025"]
[SourceDate "2025.05.21"]
[SourceVersion "1"]
[SourceVersionDate "2025.05.21"]
[SourceQuality "1"]

1. c4 c5 2. Nc3 Nc6 3. g3 g6 4. Bg2 Bg7 5. Nf3 Nf6 6. d3 d6 7. 0-0 0-0 8. Rb1 h6 9. a3 a5 10. Nb5 Kh7 11. Bd2 Nh5 12. Bc3 Bxc3 13. Nxc3 f5 14. d4 e5 15. dxe5 dxe5 16. Qxd8 Rxd8 17. Rfd1 Be6 18. Nd2 e4 19. Nb3 b6 20. Nd5 Rab8 21. g4 Ng7 22. Rd2 a4 23. Na1 Na5 24. Rbd1 Kh8 25. Rc1 Nxc4 26. Rxc4 Ra8 27. gxf5 gxf5 28. Rc1 Rxd5 29. Rxd5 Bxd5 30. Rd1 Bc4 31. Rd6 Kh7 32. e3 b5 33. Nc2 Ne8 34. Rd7+ Kg6 35. f3 exf3 36. Bxf3 Bb3 37. Bxa8 Bxc2 38. Rd5 Be4 39. Rd8 Bxa8 40. Rxe8 Bd5 41. Re5 Bc4 42. Rxc5 h5 43. h4 Kf6 44. Kf2 Ke6 45. Kg3 Bd3 46. Kf4 Kf6 47. Rc6+ Kg7 48. Kg5 Be4 49. Rb6 Bd3 50. Kxh5 Kh7 51. Kg5 Kg7 52. Rb7+ Kg8 53. Rc7 Kf8 54. Rc5 1-0

[Event "SVK-ch U12"]
[Site "Tatralandia"]
[Date "2025.05.14"]
[Round "5"]
[White "Holik, Ondrej1"]
[Black "Stachovic, Matus"]
[Result "1/2-1/2"]
[WhiteElo "1621"]
[BlackElo "1550"]
[PlyCount "26"]
[EventDate "2025.05.11"]
[EventType "swiss"]
[EventRounds "9"]
[EventCountry "SVK"]
[SourceTitle "CB21_2025"]
[SourceDate "2025.05.21"]
[SourceVersion "1"]
[SourceVersionDate "2025.05.21"]
[SourceQuality "1"]

1. e4 c5 2. Nf3 Nc6 3. Bb5 g6 4. Bxc6 bxc6 5. d3 Bg7 6. Nbd2 d6 7. 0-0 d5 8. Rb1 Nf6 9. b3 0-0 10. Re1 e6 11. a4 a5 12. Ba3 Nd7 13. d4 Qb6 1/2-1/2

[Event "SVK-ch U12"]
[Site "Tatralandia"]
[Date "2025.05.11"]
[Round "1"]
[White "Drunek, Tibor"]
[Black "Stachovic, Matus"]
[Result "0-1"]
[WhiteElo "1000"]
[BlackElo "1550"]
[PlyCount "76"]
[EventDate "2025.05.11"]
[EventType "swiss"]
[EventRounds "9"]
[EventCountry "SVK"]
[SourceTitle "CB21_2025"]
[SourceDate "2025.05.21"]
[SourceVersion "1"]
[SourceVersionDate "2025.05.21"]
[SourceQuality "1"]

1. e4 c5 2. Nc3 Nc6 3. Nf3 d6 4. Bb5 Bd7 5. h3 g6 6. b3 Bg7 7. Bb2 Nf6 8. Bc4 0-0 9. Qe2 a6 10. 0-0-0 b5 11. Bd5 Rb8 12. Qd3 Nb4 13. Qe2 e6 14. e5 dxe5 15. Be4 Nfd5 16. Bxd5 Nxd5 17. Nxe5 Qc7 18. Nxd5 exd5 19. Rde1 Rfe8 20. Qd3 Bxe5 21. Rxe5 Rxe5 22. Qg3 Rbe8 23. Bxe5 Qxe5 24. Qxe5 Rxe5 25. Kb2 Re2 26. Rd1 Rxf2 27. g4 Rh2 28. d3 Rxh3 29. c4 bxc4 30. dxc4 d4 31. b4 Rc3 32. a3 Rxc4 33. Kb3 Rc3+ 34. Kb2 cxb4 35. Rxd4 Be6 36. Rxb4 Rg3 37. a4 Rxg4 38. Rb8+ Kg7 0-1

[Event "SVK-ch U12"]
[Site "Tatralandia"]
[Date "2024.04.10"]
[Round "7"]
[White "Kulka, Tomas"]
[Black "Stachovic, Matus"]
[Result "1/2-1/2"]
[WhiteElo "1000"]
[BlackElo "1767"]
[PlyCount "126"]
[EventDate "2024.04.05"]
[EventType "swiss"]
[EventRounds "9"]
[EventCountry "SVK"]
[SourceTitle "CBM 219 Extra"]
[Source "ChessBase"]
[SourceDate "2024.05.31"]
[SourceVersion "1"]
[SourceVersionDate "2024.05.31"]
[SourceQuality "1"]

1. e4 c5 2. Nf3 Nc6 3. d4 cxd4 4. Nxd4 d6 5. Nc3 g6 6. Nf3 Bg7 7. Bd2 Nf6 8. h3 0-0 9. Bd3 Re8 10. 0-0 Bd7 11. Be3 a6 12. Qd2 Rb8 13. Bh6 Bh8 14. Rab1 Qc7 15. Nd5 Nxd5 16. exd5 Ne5 17. Nxe5 Bxe5 18. f4 Bf6 19. Bg5 Bh8 20. Qf2 Qc5 21. Qxc5 dxc5 22. Bh4 e6 23. dxe6 Bxe6 24. c4 Bd4+ 25. Kh1 Kg7 26. Bg3 f5 27. Bf2 Bxf2 28. Rxf2 Rbd8 29. Bf1 Rd4 30. b3 Red8 31. Be2 Rd2 32. a4 Rc2 33. Kg1 Rdd2 34. Re1 Rb2 35. h4 Kf6 36. g3 Rxb3 37. Bd1 Rxf2 38. Bxb3 Rb2 39. Re3 Kf7 40. Kf1 Rd2 41. Kg1 Rd4 42. Rc3 Kf6 43. Kf2 h6 44. Kf3 g5 45. fxg5+ hxg5 46. hxg5+ Kxg5 47. Kg2 Kg4 48. Kf2 f4 49. gxf4 Kxf4 50. Ke2 Ke4 51. Re3+ Kf5 52. Rf3+ Ke5 53. Rc3 Kd6 54. Rd3 Kc6 55. Rxd4 cxd4 56. a5 Kc5 57. Kd3 Bf7 58. Ba2 Kb4 59. Kxd4 Kxa5 60. Bb1 Bxc4 61. Kxc4 b5+ 62. Kb3 Kb6 63. Bd3 a5 1/2-1/2